Les Enquestes a la joventut de Catalunya : 'bells deliris fascinen la raó' / Salvador Cardús i Ros, Joan Estruch i Gibert 'bells deliris fascinen la raó' / Salvador Cardús i Ros, Joan Estruch i Gibert
Publicado:
Barcelona :
Generalitat de Catalunya, Departament de la Presidència, Direcció General de Joventut ,
1984
Descripción Física:
173 p. ; 21 cm
Materias:
Joventut -- Catalunya -- Enquestes
MARC
| LEADER | 00000nam a2200000Ia 4500 | ||
|---|---|---|---|
| 001 | 1486 | ||
| 008 | 160829s1984 xx 000 0 cat d | ||
| 080 | |a S-1-129 | ||
| 100 | |a Cardús i Ros, Salvador |9 14229 | ||
| 245 | |a Les Enquestes a la joventut de Catalunya : |b 'bells deliris fascinen la raó' / Salvador Cardús i Ros, Joan Estruch i Gibert | ||
| 260 | |a Barcelona : |b Generalitat de Catalunya, Departament de la Presidència, Direcció General de Joventut, |c 1984 | ||
| 300 | |a 173 p. ; |c 21 cm | ||
| 650 | |a Joventut |x Catalunya |x Enquestes |9 27646 | ||
| 700 | 1 | |a Estruch, Joan, |d 1943- |9 27647 | |
| 700 | |a Catalunya. Direcció General de Joventut |9 31544 | ||
| 901 | |a Arxiu | ||
| 942 | |n 1 | ||
| 952 | |0 0 |1 0 |4 0 |6 S1129 |7 1 |9 44497 |a Arxiu |b Arxiu |d 2016-12-01 |l 0 |o S-1-129 |p 1486 |r 2016-12-01 00:00:00 |w 2016-12-01 |y ARXIU | ||
| 999 | |c 47078 |d 47078 | ||